00426nam a2200109Ia 4500008004100000100002300041245011700064260002600181300001800207650001200225856007900237160712s9999 xx 000 0 und d aDolorosa, Roger G. cRoger G. Dolorosa,aNotes on common macrobenthic reef invertebrates of Tubbataha Reefs Natural Park, Philippines c2012bScience Diliman avol. 24 no. 2 xSCIENCE uhttp://journals.upd.edu.ph/index.php/sciencediliman/issue/view/386/showToc